Who said that? Walking Dead S1 Edition - Statistics

General Stats
  • This quiz has been taken 10 times
  • The average score is 8 of 15
Answer Stats
Hint Answer % Correct
"You're a good man, Rick. I hope you find your wife and son" Morgan
100%
"Hey, you. Dumbass. Yeah, you in the tank. Cozy in there?" Glenn
86%
"My bones... My bones are like glass. Leave me here. I'm done." Jim
86%
"We're gonna be okay... We're gonna be okay, I promise." Carol
71%
"It's the only way I know how to deal with it. It's the only way I know how to be." Andrea
57%
"Ya'll are a bunch of pussies." Daryl Dixon
57%
"Stay away from me. You stay away from my son" Lori Grimes
57%
"What's that noise?" Carl Grimes
43%
"The day will come when you won't be," Dr. Edwin Jenner
43%
"When you look at it in the cold light of day, you’re pretty much dead already" Shane Walsh
43%
"I give you the mausoleum of all hope and desire" Dale
29%
"I see you every day, the same time, winding that thing like a village priest saying mass" Morales
29%
"This is a nightmare. Nightmares end. Don't let them end who you are." Rick Grimes
29%
"Realize how precarious that makes my situation?" T-Dog
29%
"It's always something. It's not nothing." Amy
14%
No matching quizzes found
Score Distribution
Percent of People with Each Score
Percentile by Number Answered
Your Score History
You have not taken this quiz